MUSIC studio spotlight on music, song anthology

Saved in:
Bibliographic Details
Main Author: Bond, Judy… [et. al.]
Format: Book
Language:English
Published: McGraw-Hill Education, 2016
Tags: Add Tag
No Tags, Be the first to tag this record!

MARC

LEADER 00000nam a22000007a 4500
008 210430b ||||| |||| 00| 0 eng d
020 |a : 978-0-02-1388-62-2 
100 |a Bond, Judy… [et. al.]. 
245 |a MUSIC studio  |b spotlight on music, song anthology  |c Judy Bond… [et. al.].  |g iv, 262p.; ill 
260 |b McGraw-Hill Education,  |c 2016  |h New York  |i 691096  |i 691097  |l MT930 .B64  |m School music – Instruction and study  |m Music – Instruction and study 
942 |a lcc  |c BK  |e Adekanye, I. H.  |f 30/04/2021 
952 |0 0  |1 0  |2 lcc  |4 0  |6 MT0930 B64  |7 0  |9 2378  |a HOL  |b ART  |c LP  |d 2021-04-30  |l 0  |o MT930 .B64  |p 2021-6230  |r 2021-04-30 00:00:00  |w 2021-04-30  |y BK 
952 |0 0  |1 0  |2 lcc  |4 0  |6 MT0930 B64  |7 0  |9 2379  |a HOL  |b HOL  |c LP  |d 2021-04-30  |l 0  |o MT930 .B64  |p 2021-6231  |r 2021-04-30 00:00:00  |w 2021-04-30  |y BK 
999 |c 1229  |d 1229